000 01389nam a2200421 i 4500
001 33680
003 KOSZ 005
005 20220505140441.0
008 990212s1998 pl a f |000 0 pol
015 _aPB 1999/3495
020 _a8385205683
035 _a(OCoLC)749714478
040 _aWA N
_cWA N
_dKOSZ 005/HR
041 1 _apol
_heng
080 _a005
080 _a(07)
100 1 _aProctor, Tony.
_eAutor
245 1 0 _aZarządzanie twórcze /
_cTony Proctor ; tł. Adam Janiszewski.
246 1 _iTyt. oryg.:
_aEssence of management creativity.
260 _aWarszawa :
_bGebethner & Ska. Wydaw.,
_c1998.
300 _aX, 267 s. :
_brys., wykr. ;
_c21 cm.
336 _2rdacontent
_aTekst
_btxt
337 _2rdamedia
_aBez urządzenia pośredniczącego
_bn
338 _2rdacarrier
_aWolumin
_bnc
380 _aKsiążki
388 _a1901-2000
388 _a1989-2000
490 1 _aPodstawy Zarządzania.
500 _aTyt. oryg.: "The essence of management creativity" 1995.
504 _aBibliogr. przy rozdz.
658 _aZarządzanie i marketing
650 4 _aZarządzanie
655 4 _aPodręcznik
700 1 _aJaniszewski, Adam
_c(filolog).
_eTłumaczenie
856 _uhttp://koha.tu.koszalin.pl/cgi-bin/koha/opac-detail.pl?biblionumber=33680
_yKatalog online BPK
830 0 _aPodstawy Zarządzania
942 _2UKD
_cKS
999 _c33680
_d33680